Statystyki dla Największe miasta w Iranie

Kliknij tutaj aby rozwiązać quiz!

Ogólne statystyki

  • Ten quiz został rozwiązany 118 razy
  • Średni wynik to 3 z 10

Statystyki odpowiedzi

MiastoLiczba ludności% Poprawnych
Teheran8 154 051
99%
Isfahan1 756 126
40%
Tebriz1 484 988
37%
Meszhed2 749 374
30%
Kom1 074 036
24%
Sziraz1 460 665
21%
Urmia667 499
13%
Ahwaz1 112 021
11%
Karadż1 614 626
6%
Kermanszah851 405
6%

Rozkład punktacji

Percentyl według liczby udzielonych odpowiedzi

Procent ludzi z każdym wynikiem

Twoja historia wyników

Nie rozwiązałeś tego quizu